000
00326nam a2200121Ia 4500
008
160609s9999 xx 000 0 und d
100
_a
Larson, Joseph.
245
_a
3D Printing Blueprints
245
_c
By:Joseph Larson
260
_c
2013
650
_x
3D MODELING
856
_u
http://file.ebook777.com/017/9781849697088.pdf
999
_c
295707
_d
295707